000 00724cab a2200217 4500
001 WB3332-05
008 090401t1997 xxu||||| |||| 00| 0 eng d
035 _a(Sirsi) u80221
041 _aeng
245 _aGo-ahead for green belt factory
260 _c1997
350 _a0
490 _aFinancial Times
_v10 August 1997, 4; 12 August 1997, 18(1)
520 _aGovernment has approved construction of a £1.5bn semiconductor plant on a green belt site in Birmingham. Although a letter by Norman Fowler MP, states that this is not the end of the matter.
650 _aBIRMINGHAM
650 _aFACTORY
650 _aGREEN BELT LAND
690 _aPROPERTY-PROPERTY DEVELOPMENT
942 _n0
948 _c12/08/1997
999 _c50493
_d50493